| 000 | 00674nam a22002057a 4500 | ||
|---|---|---|---|
| 005 | 20251108173439.0 | ||
| 008 | 250721s2005 xx 000 0 ara d | ||
| 082 | 1 | 4 | _a813.009/ فري |
| 100 | 1 | _aفريحات، مريم جبر | |
| 245 | 1 | 0 | _aالتجليات الملحمية في رواية الأجيال العربية : دراسة نقدية / |
| 264 | 1 |
_aعمان : _bوزارة الثقافة، _c2005. |
|
| 300 | _a363ص. | ||
| 490 | 0 |
_aكتاب الشهر _v101 |
|
| 650 | 1 | 7 | _aالروايات العربية |
| 650 | 1 | 7 | _aالملاحم |
| 650 | 1 | 7 | _aالنقد الأدبي |
| 650 | 1 | 7 | _aالعصر الحديث |
| 942 |
_2ddc _cBK |
||
| 999 |
_c104108 _d104108 |
||